000
00326nam a22001337a 4500
008
171226b xxu||||| |||| 00| 0 eng d
020
_a
9780070129450
041
_a
eng
080
_a
338
100
_a
53
101
_a
MEN
245
_a
CFO MOVING FROM FINANCIAL MANGEMENT TO STRATEGIES
_c
WALTER,TH
942
_2
udc
_c
BK
999
_c
39423
_d
39423